| 000 | 00952cam a2200205 4500 | ||
|---|---|---|---|
| 001 | ABS66498 | ||
| 008 | 030325n2003 000 0 eng u | ||
| 035 | _a(Sirsi) u121731 | ||
| 245 | _aRisk assessment | ||
| 260 | _c2003 | ||
| 490 |
_aEssential FM Report _vFebruary 2003, 7-9(3) |
||
| 520 | _aDescribes the areas of risk assessment that businesses are now advised to take. Advises on the most important area of a business which must be protected from such hazards, like the risk of fire and the vulnerability of the particular building to the danger. Discusses balancing cost against confidence and risk assessment procedure and risk reduction. Gives examples of the business planning process with a flow chart and an initial risk assessment. | ||
| 590 | _aABS | ||
| 650 | _aRISK ASSESSMENT | ||
| 650 | _aFIRE PROTECTION | ||
| 650 | _aRISK ANALYSIS | ||
| 650 | _aBUSINESS PLANNING | ||
| 690 | _aMANAGEMENT-BUSINESS MANAGEMENT | ||
| 942 | _n0 | ||
| 999 |
_c72346 _d72346 |
||